000
00241nam a2200097Ia 4500
005
20250424112848.0
008
250424s9999 xx 000 0 und d
300
_a
154 p. :ill. ; 29 cm.
650
_a
Journal of accounting and EDP
942
_c
SR
999
_c
37562
_d
37562